El monopolio español de tabacos en el siglo XVIII, consumos y valores: una perspectiva regionapreso] / (Record no. 182518)

MARC details
000 -LEADER
campo de control de longitud fija 01302nam a2200313 i 4500
001 - NÚMERO DE CONTROL
campo de control 182518
003 - IDENTIFICADOR DE NÚMERO DE CONTROL
campo de control ES-MaACL
005 - FECHA Y HORA DE LA ÚLTIMA TRANSACCIÓN
campo de control 20231027130138.0
008 - DATOS DE LONGITUD FIJA--INFORMACIÓN GENERAL
campo de control de longitud fija 130911s2007 sp ## |||| |#spa##
020 ## - NÚMERO INTERNACIONAL ESTÁNDAR DEL LIBRO
Número Internacional Estándar del Libro 978-84-932935-7-4
080 ## - NÚMERO DE LA CLASIFICACIÓN DECIMAL UNIVERSAL
Número de la Clasificación Decimal Universal 338.45(460)"17":663.97
080 ## - NÚMERO DE LA CLASIFICACIÓN DECIMAL UNIVERSAL
Número de la Clasificación Decimal Universal 334.724(460)"17"
080 ## - NÚMERO DE LA CLASIFICACIÓN DECIMAL UNIVERSAL
Número de la Clasificación Decimal Universal 613.84(460)"17"
245 03 - MENCIÓN DEL TÍTULO
Título El monopolio español de tabacos en el siglo XVIII, consumos y valores: una perspectiva regionapreso] /
Mención de responsabilidad, etc. dirs, José M. Rodríguez Gordillo, Mª Montserrat Gárate Ojanguren ; Óscar Bergasa Perdomo ... [et al.].
260 ## - PUBLICACIÓN, DISTRIBUCIÓN, ETC.
Lugar de publicación, distribución, etc. [Madrid] :
Nombre del editor, distribuidor, etc. Dirección de Comunicación de Altadis,
Fecha de publicación, distribución, etc. [2007]
300 ## - DESCRIPCIÓN FÍSICA
Extensión 525 p. :
Otras características físicas il. col. y n., gráf., mapas ;
Dimensiones 24 cm.
490 1# - MENCIÓN DE SERIE
Mención de serie Los libros de Altadis ;
Designación de volumen o secuencia 8
504 ## - NOTA DE BIBLIOGRAFÍA, ETC.
Nota de bibliografía, etc. Incluye referencias bibliográficas.
650 #4 - PUNTO DE ACCESO ADICIONAL DE MATERIA--TÉRMINO DE MATERIA
Término de materia o nombre geográfico como elemento de entrada Industria tabaquera-
Subdivisión geográfica España-
Subdivisión de forma Historia.
9 (RLIN) 153387
650 #4 - PUNTO DE ACCESO ADICIONAL DE MATERIA--TÉRMINO DE MATERIA
Término de materia o nombre geográfico como elemento de entrada Monopolios estatales-
Subdivisión geográfica España.
9 (RLIN) 150127
650 #4 - PUNTO DE ACCESO ADICIONAL DE MATERIA--TÉRMINO DE MATERIA
Término de materia o nombre geográfico como elemento de entrada Tabaco-
Subdivisión general Consumo.
9 (RLIN) 17272
700 1# - ENTRADA AGREGADA--NOMBRE PERSONAL
Nombre de persona Rodríguez Gordillo, José Manuel.
9 (RLIN) 98564
700 1# - ENTRADA AGREGADA--NOMBRE PERSONAL
Nombre de persona Gárate Ojanguren, Montserrat.
9 (RLIN) 153388
700 1# - ENTRADA AGREGADA--NOMBRE PERSONAL
Nombre de persona Bergasa Perdomo, Óscar.
9 (RLIN) 153389
830 0# - PUNTO DE ACCESO ADICIONAL DE SERIE-TÍTULO UNIFORME
Título uniforme Los libros de Altadis ;
Designación de volumen o secuencia 8
9 (RLIN) 224844
852 ## - LOCALIZACIÓN
Ubicación ES-MaACL
Número de control de estantería A-12902
itemnumber 189431
Sublocalización o colección R.149789
Ubicación en estantería Depósito 1
Signatura antigua Olim: N-5902
942 ## - ELEMENTOS DE ENTRADA SECUNDARIOS (KOHA)
Fuente del sistema de clasificación o colocación Clasificación decimal universal
Tipo de ítem Koha Libro impreso
Holdings
Estatus retirado Estado de pérdida Fuente del sistema de clasificación o colocación Estado de daño No para préstamo Biblioteca de origen Biblioteca actual Ubicación en estantería Fecha de adquisición Fuente de adquisición Total de préstamos Signatura topográfica completa Código de barras Visto por última vez Precio de reemplazo Tipo de ítem Koha
    Clasificación decimal universal     Biblioteca del Ateneo de Madrid Biblioteca del Ateneo de Madrid Depósito 1 11/09/2013 Donación   A-12902 1191809 23/02/2023 23/02/2023 Libro impreso